000 002750000a22000970004500
100 1 _aWinter, Ralph D.
245 1 0 _aEvaluating goals for mission training
300 _aVol. 11, Núm 1 (1994), Páginas 17-23
773 0 _tInternational Journal of Frontier Misions
942 _cANA
999 _c55407
_d55407